000 02165nam0a2200433 4500
001 RU\NLR\BIBL_A\012592216
005 20211124160944.0
010 _a978-5-04-116063-0
_93000
021 _aRU
_bКН-П-21-030137
_9КН-П-21-2334
035 _a(NLR Aleph) 012592216
090 _a12555782
_c12555782
100 _a20210907d2021 k y0rusy50 ca
101 1 _arus
_cger
102 _aRU
105 _aac||z|||001zy
181 0 _ai
_baxxe
182 0 _an
200 1 _aНастройка системы тело - мозг
_e[простые упражнения для активации блуждающего нерва против депрессии, стресса, болей в теле и проблем с пищеварением]
_fЛарс Линхард, Улла Шмид-Фетцер и доктор Эрик Кобб
_g[перевод с немецкого Д.С. Диденко]
203 _aТекст
_bвизуальный
_cнепосредственный
210 _aМосква
_cЭксмо
_d2021
215 _a318, [2] с.
_cил., портр., табл.
_d24
225 1 _aРеволюционный тренд в медицине
300 _aЗагл. и авт. также на англ. яз.: Neuronale heilung / Lars Lienhard, Ulla Schmid-Fetzer, Dr. Eric Cobb
300 _aНа 302-й с. авт.: Ларс Линхард, Улла Шмид-Фетцер - проф. спортсмены, тренеры, д-р Эрик Кобб
320 _aБиблиогр. в прил.: с. 304-310
320 _aПредм. указ.: с. 315-318
333 _a12+
517 1 _6z11790
_aNeuronale heilung
_zeng
606 1 _aБолезни
_xЭтиология и патогенез
_xРоль блуждающего нерва
_2nlr_sh2
_3RU\NLR\AUTH\6601693794
686 1 _aР252.216.1
700 1 _aЛинхард
_bЛ.
_gЛарс
701 1 _aШмид-Фетцер
_bУ.
_gУлла
_3RU\NLR\AUTH\770236288
701 1 _aКобб
_bЭ.
_gЭрик
790 1 _6z11517
_aLienhard
_bL.
_gLars
942 _cBOOK
980 _aNB